<?xml version="1.0" encoding="UTF-8"?>
<collection xmlns="http://www.loc.gov/MARC21/slim">
<record>
  <controlfield tag="001">96921</controlfield>
  <controlfield tag="005">20251001112457.0</controlfield>
  <controlfield tag="008">200806s1627    sp      r     ||| | spa d</controlfield>
  <datafield tag="037" ind1=" " ind2=" ">
    <subfield code="a">D_62_82</subfield>
  </datafield>
  <datafield tag="040" ind1=" " ind2=" ">
    <subfield code="a">AR</subfield>
    <subfield code="b">spa</subfield>
    <subfield code="c">PAB</subfield>
    <subfield code="d">ES-ZaU</subfield>
  </datafield>
  <datafield tag="100" ind1="1" ind2=" ">
    <subfield code="a">Melendo, Juan.</subfield>
  </datafield>
  <datafield tag="245" ind1="1" ind2="0">
    <subfield code="a">La serrana celestial :</subfield>
    <subfield code="b">Historia aparecimiento y milagros de la Sacratisima Virgen Nuestra Señora de la Sierra /</subfield>
    <subfield code="c">compuesta por Ivan Melendo.</subfield>
  </datafield>
  <datafield tag="260" ind1=" " ind2=" ">
    <subfield code="a">[Zaragoza] :</subfield>
    <subfield code="b">por Iuan de Lanaja y Quartanet...,</subfield>
    <subfield code="c">1627.</subfield>
  </datafield>
  <datafield tag="300" ind1=" " ind2=" ">
    <subfield code="a">[30], 422 p. ;</subfield>
    <subfield code="c">8º.</subfield>
  </datafield>
  <datafield tag="506" ind1=" " ind2=" ">
    <subfield code="a">Access copy available to the general public</subfield>
    <subfield code="f">Unrestricted</subfield>
  </datafield>
  <datafield tag="540" ind1=" " ind2=" ">
    <subfield code="9">info:eu-repo/semantics/openAccess</subfield>
    <subfield code="a">by</subfield>
    <subfield code="u">https://creativecommons.org/licenses/by/4.0/deed.es</subfield>
  </datafield>
  <datafield tag="597" ind1=" " ind2=" ">
    <subfield code="a">Sign.: a\p8\s, e\p7\s, A-Z\p8\s, 2A-2C\p8\s, 2D\p3\s.</subfield>
  </datafield>
  <datafield tag="597" ind1=" " ind2=" ">
    <subfield code="a">Port. con grab. xil.</subfield>
  </datafield>
  <datafield tag="650" ind1=" " ind2="4">
    <subfield code="a">Poesía española</subfield>
    <subfield code="x">Obras anteriores a 1800.</subfield>
  </datafield>
  <datafield tag="700" ind1="1" ind2=" ">
    <subfield code="a">Lanaja Quartanet, Juan de,</subfield>
    <subfield code="e">imp.</subfield>
  </datafield>
  <datafield tag="752" ind1=" " ind2=" ">
    <subfield code="a">España</subfield>
    <subfield code="b">Aragón</subfield>
    <subfield code="d">Zaragoza.</subfield>
  </datafield>
  <datafield tag="856" ind1="4" ind2=" ">
    <subfield code="s">17524965</subfield>
    <subfield code="u">http://zaguan.unizar.es/record/96921/files/D_62_82.pdf</subfield>
    <subfield code="y">Texto completo (PDF)</subfield>
  </datafield>
  <datafield tag="856" ind1="4" ind2=" ">
    <subfield code="s">406841</subfield>
    <subfield code="u">http://zaguan.unizar.es/record/96921/files/METS_carga_D_62_82.xml</subfield>
    <subfield code="y">Fichero METS</subfield>
  </datafield>
  <datafield tag="856" ind1="4" ind2=" ">
    <subfield code="s">63409</subfield>
    <subfield code="u">http://zaguan.unizar.es/record/96921/files/D_62_82.jpg?subformat=icon</subfield>
    <subfield code="x">icon</subfield>
    <subfield code="y">Texto completo (PDF)</subfield>
  </datafield>
  <datafield tag="907" ind1=" " ind2=" ">
    <subfield code="a">.b18640667</subfield>
    <subfield code="b">26-08-20</subfield>
    <subfield code="c">06-09-17</subfield>
  </datafield>
  <datafield tag="909" ind1="C" ind2="O">
    <subfield code="o">oai:zaguan.unizar.es:96921</subfield>
    <subfield code="p">fondo-historico</subfield>
    <subfield code="p">driver</subfield>
  </datafield>
  <datafield tag="927" ind1="1" ind2=" ">
    <subfield code="a">100</subfield>
    <subfield code="b">jm</subfield>
    <subfield code="d">200806</subfield>
  </datafield>
  <datafield tag="945" ind1=" " ind2=" ">
    <subfield code="a">D-62-82</subfield>
    <subfield code="g">1</subfield>
    <subfield code="l">100an</subfield>
    <subfield code="n">DIGITALIZACION 2020</subfield>
    <subfield code="o">d</subfield>
    <subfield code="p">&amp;#x20ac;0.00</subfield>
    <subfield code="q">-</subfield>
    <subfield code="r">f</subfield>
    <subfield code="s">-</subfield>
    <subfield code="t">20</subfield>
    <subfield code="u">0</subfield>
    <subfield code="v">0</subfield>
    <subfield code="w">0</subfield>
    <subfield code="x">0</subfield>
    <subfield code="y">.i22736426</subfield>
    <subfield code="z">06-08-20</subfield>
  </datafield>
  <datafield tag="970" ind1=" " ind2=" ">
    <subfield code="a">CCPB000052685-1</subfield>
  </datafield>
  <datafield tag="980" ind1=" " ind2=" ">
    <subfield code="a">FH</subfield>
    <subfield code="b">fondos</subfield>
  </datafield>
  <datafield tag="998" ind1=" " ind2=" ">
    <subfield code="a">100</subfield>
    <subfield code="b">06-08-20</subfield>
    <subfield code="c">m</subfield>
    <subfield code="d">a</subfield>
    <subfield code="e">a</subfield>
    <subfield code="f">spa</subfield>
    <subfield code="g">sp</subfield>
    <subfield code="h">0</subfield>
    <subfield code="i">0</subfield>
  </datafield>
</record>
</collection>